Physics of coal and mining processes / (Record no. 355363)
[ view plain ]
| 000 -LEADER | |
|---|---|
| fixed length control field | 01049cam a22003134a 4500 |
| 001 - CONTROL NUMBER | |
| control field | 17005721 |
| 003 - CONTROL NUMBER IDENTIFIER | |
| control field | Nust- CAS-E |
| 005 - DATE AND TIME OF LATEST TRANSACTION | |
| control field | 20180118181359.0 |
| 008 - FIXED-LENGTH DATA ELEMENTS--GENERAL INFORMATION | |
| fixed length control field | 111019s2012 flua b 001 0 eng |
| 010 ## - LIBRARY OF CONGRESS CONTROL NUMBER | |
| LC control number | 2011038367 |
| 016 7# - NATIONAL BIBLIOGRAPHIC AGENCY CONTROL NUMBER | |
| Record control number | 015841967 |
| Source | Uk |
| 020 ## - INTERNATIONAL STANDARD BOOK NUMBER | |
| International Standard Book Number | 9781439876343 |
| 035 ## - SYSTEM CONTROL NUMBER | |
| System control number | (OCoLC)ocn707965946 |
| 040 ## - CATALOGING SOURCE | |
| Original cataloging agency | DLC |
| Transcribing agency | DLC |
| Modifying agency | YDX |
| -- | BTCTA |
| -- | YDXCP |
| -- | UKMGB |
| -- | BWX |
| -- | CDX |
| -- | DLC |
| 042 ## - AUTHENTICATION CODE | |
| Authentication code | pcc |
| 043 ## - GEOGRAPHIC AREA CODE | |
| Geographic area code | e-ur--- |
| 050 00 - LIBRARY OF CONGRESS CALL NUMBER | |
| Classification number | TN808.U4 |
| Item number | A44 2012 |
| 082 00 - DEWEY DECIMAL CLASSIFICATION NUMBER | |
| Classification number | 622.33409477 |
| Edition number | 23 |
| Author Mark | ALE 2012 |
| 100 1# - MAIN ENTRY--PERSONAL NAME | |
| Personal name | Alexeev, Anatoly D. |
| 245 10 - TITLE STATEMENT | |
| Title | Physics of coal and mining processes / |
| Statement of responsibility, etc. | Anatoly D. Alexeev. |
| 260 ## - PUBLICATION, DISTRIBUTION, ETC. | |
| Place of publication, distribution, etc. | Boca Raton, FL : |
| Name of publisher, distributor, etc. | CRC Press, |
| Date of publication, distribution, etc. | c2012. |
| 300 ## - PHYSICAL DESCRIPTION | |
| Extent | xiii, 369 p. : |
| Other physical details | ill. ; |
| Dimensions | 24 cm. |
| 504 ## - BIBLIOGRAPHY, ETC. NOTE | |
| Bibliography, etc. note | Includes bibliographical references and index. |
| 650 #0 - SUBJECT ADDED ENTRY--TOPICAL TERM | |
| Topical term or geographic name entry element | Coal mines and mining |
| Geographic subdivision | Ukraine. |
| 650 #0 - SUBJECT ADDED ENTRY--TOPICAL TERM | |
| Topical term or geographic name entry element | Mining engineering |
| Geographic subdivision | Ukraine. |
| 906 ## - LOCAL DATA ELEMENT F, LDF (RLIN) | |
| a | 7 |
| b | cbc |
| c | orignew |
| d | 1 |
| e | ecip |
| f | 20 |
| g | y-gencatlg |
| 942 ## - ADDED ENTRY ELEMENTS (KOHA) | |
| Source of classification or shelving scheme | |
| Koha item type | Book |
| Withdrawn status | Lost status | Source of classification or shelving scheme | Damaged status | Not for loan | Collection code | Permanent Location | Current Location | Shelving location | Date acquired | Total Checkouts | Full call number | Barcode | Date last seen | Cost, replacement price | Price effective from | Koha item type |
|---|---|---|---|---|---|---|---|---|---|---|---|---|---|---|---|---|
| US-Pakistan Center for Advanced Studies in Energy (USPCAS-E) | US-Pakistan Center for Advanced Studies in Energy (USPCAS-E) | General Stacks | 04/22/2013 | 622.33409477 ALE 2012 | CAS-E0000278 | 04/29/2014 | 17073.00 | 04/29/2014 | Book |
